00902naa#a2200181#i#4500001001600000005001700016011001400033100004100047102000700088200018400095210021400279215001100493608004500504675004600549700005200595700005600647856001700703RU\\bibl\12680220260701075724.3##a1815-588X##a20260630b2026####ek#y0rusy0150####ca##aRU1#aПовышение управляемости системы пневматического торможения грузового поездаeЖурнальная статья1#aСанкт-ПетербургcФГБОУ ВО "Петербургский государственный университет путей сообщения Императора Александра I"d2026##a14 с.##aЖурнальная статья2local##aМоторные вагоны. 629.423.25#1aТанаевgВалерий Фаритович#1aРоговgАлександр Михайлович4#aitt-pgups.ru